|
|
|
|
| LEADER |
01088nam a2200253 u 4500 |
| 001 |
10026936 |
| 003 |
upatras |
| 005 |
20210117205954.0 |
| 008 |
951121s1972 us eng |
| 020 |
|
|
|a 0123472504
|
| 040 |
|
|
|a GR-PaULI
|c GR-PaULI
|
| 041 |
0 |
|
|a eng
|
| 082 |
0 |
4 |
|a 551.51
|
| 245 |
1 |
0 |
|a Aerosols and atmospheric chemistry
|b The Kendall Award Symposium Honoring Professor Milton Kerker at the proceedings of the American Chemical Society Los Angeles, California, March 28-April 2, 1971
|c edited by G. M. Hidy
|
| 260 |
|
|
|a New York
|b Academic Press
|c 1972
|
| 300 |
|
|
|a xviii, 348 p.
|b fig., tab.
|
| 504 |
|
|
|a Includes references and index
|
| 650 |
|
4 |
|a Ατμοσφαιρική φυσική
|9 4184
|
| 700 |
1 |
|
|a Hidy, G. M.
|4 edt
|9 152716
|
| 852 |
|
|
|a GR-PaULI
|b ΠΑΤΡΑ
|b ΦΥΣΙΚΟ
|k ΑΕΧ-1
|h 551.51 HID
|m 02701
|p 025000022304
|t 1
|
| 942 |
|
|
|2 ddc
|c BK15
|
| 952 |
|
|
|0 0
|1 0
|4 0
|6 551_510000000000000_HID
|7 0
|9 197318
|a PHYS
|b PHYS
|d 2016-04-24
|i 02701
|l 0
|o 551.51 HID
|p 025000022304
|r 2016-04-24 00:00:00
|t 1
|w 2016-04-24
|y BK15
|
| 998 |
|
|
|c ΔΡΑΚΟΠΟΥΛΟΥ
|d 2001-07
|
| 999 |
|
|
|c 121131
|d 121131
|